UBT Library

Starting and managing the small business / (Record no. 925)

000 -LEADER
fixed length control field 00541nam a22001817a 4500
008 - FIXED-LENGTH DATA ELEMENTS--GENERAL INFORMATION
fixed length control field 150529b xxu||||| |||| 00| 0 eng d
020 ## - INTERNATIONAL STANDARD BOOK NUMBER
International Standard Book Number 0070356629 :
041 0# - LANGUAGE CODE
Language code of text/sound track or separate title eng
080 ## - UNIVERSAL DECIMAL CLASSIFICATION NUMBER
Universal Decimal Classification number 338
100 1# - Rafti
Rafti Kuriloff, Arthur H.
245 10 - TITLE STATEMENT
Title Starting and managing the small business /
Statement of responsibility, etc Arthur H. Kuriloff, John M. Hemphill, Jr.
260 ## -
-- New York :
-- McGraw-Hill,
-- c1983.
300 ## -
-- 592, [48] f. :
-- me il.;
-- 25 cm.
500 ## -
-- Preface: f.11-16
650 #0 -
-- Ndërmarrjet e vogla
700 1# -
-- Hemphill, John Mearl,
942 ## - ADDED ENTRY ELEMENTS (KOHA)
Source of classification or shelving scheme
Item type Books
Holdings
Withdrawn status Lost status Source of classification or shelving scheme Damaged status Not for loan Collection code Permanent location Current location Shelving location Date acquired Total Checkouts Full call number Date last seen Price effective from Koha item type
          Koleksioni i përgjithshem UBT - Prishtine UBT - Prishtine Koleksioni i përgjithshem 05/29/2015   338 KUR 05/29/2015 05/29/2015 Books
UBT Library © 2015-2024. All rights reserved University Education for Business and Technology